Estudios de los procesos de reinserción en Colombia : (Registro nro. 4997)

Detalles MARC
000 -LEADER
fixed length control field 01201nam a2200277Ia 4500
003 - CONTROL NUMBER IDENTIFIER
control field OSt
005 - DATE AND TIME OF LATEST TRANSACTION
control field 20200420131309.0
008 - FIXED-LENGTH DATA ELEMENTS--GENERAL INFORMATION
fixed length control field 191128s2003 ck gr 000 0dspa d
020 ## - INTERNATIONAL STANDARD BOOK NUMBER
International Standard Book Number 9586825175
040 ## - CATALOGING SOURCE
Original cataloging agency CO-JMCR
Transcribing agency CO-JMCR
041 0# - LANGUAGE CODE
Language code of text/sound track or separate title spa
082 04 - DEWEY DECIMAL CLASSIFICATION NUMBER
Classification number 303.485 /
Item number T877e
100 1# - MAIN ENTRY--PERSONAL NAME
Personal name Turriago Piñeros, Gabriel,
Relator term autor
9 (RLIN) 3253
245 10 - TITLE STATEMENT
Title Estudios de los procesos de reinserción en Colombia :
Remainder of title 1991-1998 /
Statement of responsibility, etc. Gabriel Turriago Piñeros, José María Bustamante Mora
260 ## - PUBLICATION, DISTRIBUTION, ETC.
Place of publication, distribution, etc. Bogotá :
Name of publisher, distributor, etc. Alfaomega,
Date of publication, distribution, etc. 2003
300 ## - PHYSICAL DESCRIPTION
Extent 52 páginas ;
Dimensions 21 cm.
490 0# - SERIES STATEMENT
Series statement Libos de Cambio
500 ## - GENERAL NOTE
General note Bibliografía: páginas 51-52.
505 ## - FORMATTED CONTENTS NOTE
Formatted contents note La reinserción durante el período Betancur -- La administración Barco Vargas (1986-1990) -- La reinserción a la vida civil
520 ## - SUMMARY, ETC.
Summary, etc. Se puede pensar que parte de la comunidad en nuestra historia de conflictos violentos, está en que ensalzamos los hechos épicos sin detenernos a observar cómo puede ser posible la reconciliación posterior.
650 14 - SUBJECT ADDED ENTRY--TOPICAL TERM
Topical term or geographic name entry element Luchas sociales
9 (RLIN) 3254
650 24 - SUBJECT ADDED ENTRY--TOPICAL TERM
Topical term or geographic name entry element Conflicto armado
9 (RLIN) 3255
650 24 - SUBJECT ADDED ENTRY--TOPICAL TERM
Topical term or geographic name entry element Paz
General subdivision Negociaciones
9 (RLIN) 3256
700 1# - ADDED ENTRY--PERSONAL NAME
Personal name José María Bustamante Mora,
Dates associated with a name autor
9 (RLIN) 3257
942 ## - ADDED ENTRY ELEMENTS (KOHA)
Source of classification or shelving scheme Dewey Decimal Classification
Koha item type Books
Existencias
Withdrawn status Lost status Source of classification or shelving scheme Materials specified (bound volume or other part) Damaged status Not for loan Home library Current library Shelving location Date acquired Source of acquisition Cost, normal purchase price Total Checkouts Full call number Barcode Date last seen Copy number Price effective from Koha item type
    Dewey Decimal Classification Donación--15/04/2018--     Biblioteca Pública José María del Castillo y Rada Biblioteca Pública José María del Castillo y Rada General Stacks 11/28/2019 Donación 0.00   303.485 / T877e 430001121 05/16/2024 Ej.1 11/28/2019 Books